[Event "DEM U14w 2018"]
[Site "Willingen GER"]
[Date "2018.05.20"]
[Round "1"]
[White "Schnabel, Luise"]
[Black "Fuchs, Emily"]
[Result "1-0"]
[Termination "normal"]
[Board "5"]
[WhiteElo "1717"]
[BlackElo "1280"]
[WhiteClock "00:03:02"]
[BlackClock "00:01:11"]
[PlyCount "53"]
[WhiteFideId "12943347"]
[BlackFideId "16208986"]
[EventCountry "GER"]
[EventRounds "9"]
[EventType "swiss"]
[EventDate "2018.05.19"]

1. e4 {[%clk 1:30:56]} 1... e5 {[%clk 1:30:56]} 2. Nf3 {[%clk 1:31:13]} 2...
Nc6 {[%clk 1:31:22]} 3. Bb5 {[%clk 1:31:28]} 3... a6 {[%clk 1:31:41]} 4. Bxc6 {
[%clk 1:31:43]} 4... dxc6 {[%clk 1:32:05]} 5. O-O {[%clk 1:31:57]} 5... Bd6 {
[%clk 1:31:51]} 6. d4 {[%clk 1:31:14]} 6... exd4 {[%clk 1:28:24]} 7. Qxd4 {
[%clk 1:29:25]} 7... f6 {[%clk 1:17:32]} 8. Nbd2 {[%clk 1:25:56]} 8... Qe7 {
[%clk 1:03:22]} 9. Re1 {[%clk 1:07:25]} 9... Be6 {[%clk 0:51:16]} 10. Nc4 {
[%clk 0:57:52]} 10... Bb4 {[%clk 0:35:50]} 11. Ncd2 {[%clk 0:52:37]} 11... Bc5
{[%clk 0:25:15]} 12. Qd3 {[%clk 0:48:05]} 12... Rd8 {[%clk 0:24:48]} 13. Qe2 {
[%clk 0:46:49]} 13... Nh6 {[%clk 0:22:19]} 14. h3 {[%clk 0:40:15]} 14... g5 {
[%clk 0:19:38]} 15. e5 {[%clk 0:25:14]} 15... f5 {[%clk 0:10:06]} 16. Nxg5 {
[%clk 0:14:19]} 16... Qxg5 {[%clk 0:10:04]} 17. Ne4 {[%clk 0:14:21]} 17...
Bxf2+ {[%clk 0:09:29]} 18. Qxf2 {[%clk 0:12:53]} 18... Qg6 {[%clk 0:08:56]} 19.
Nf6+ {[%clk 0:12:27]} 19... Kf7 {[%clk 0:09:09]} 20. Qh4 {[%clk 0:07:05]} 20...
Ng8 {[%clk 0:07:30]} 21. Nh5 {[%clk 0:05:58]} 21... Rd7 {[%clk 0:04:48]} 22.
Be3 {[%clk 0:03:37]} 22... Bd5 {[%clk 0:02:33]} 23. Nf4 {[%clk 0:03:55]} 23...
Qg7 {[%clk 0:01:30]} 24. e6+ {[%clk 0:03:45]} 24... Bxe6 {[%clk 0:01:01]} 25.
Nxe6 {[%clk 0:04:04]} 25... Qxb2 {[%clk 0:01:12]} 26. Bd4 {[%clk 0:03:02]}
26... Qb4 {[%clk 0:01:11]} 27. Qh5+ 1-0

[Event "DEM U14w 2018"]
[Site "Willingen GER"]
[Date "2018.05.20"]
[Round "1"]
[White "Schneider, Katharina"]
[Black "Glinzner, Alva"]
[Result "0-1"]
[Termination "normal"]
[Board "6"]
[WhiteElo "1667"]
[BlackElo "1813"]
[WhiteClock "00:30:40"]
[BlackClock "00:14:18"]
[PlyCount "42"]
[WhiteFideId "16200519"]
[BlackFideId "16206169"]
[EventCountry "GER"]
[EventRounds "9"]
[EventType "swiss"]
[EventDate "2018.05.19"]

1. e4 {[%clk 1:30:58]} 1... c5 {[%clk 1:30:51]} 2. Nf3 {[%clk 1:31:19]} 2... e6
{[%clk 1:31:14]} 3. d4 {[%clk 1:31:44]} 3... cxd4 {[%clk 1:31:39]} 4. Nxd4 {
[%clk 1:32:08]} 4... a6 {[%clk 1:32:05]} 5. Nc3 {[%clk 1:32:32]} 5... Qc7 {
[%clk 1:32:29]} 6. g4 {[%clk 1:32:11]} 6... h6 {[%clk 1:31:10]} 7. f4 { [%clk
1:16:36]} 7... b5 {[%clk 1:14:52]} 8. Bd3 {[%clk 1:02:17]} 8... Bb7 { [%clk
1:14:00]} 9. h4 {[%clk 0:56:22]} 9... Nf6 {[%clk 1:06:22]} 10. Qf3 { [%clk
0:53:42]} 10... h5 {[%clk 0:56:59]} 11. g5 {[%clk 0:49:49]} 11... Ng4 { [%clk
0:56:37]} 12. Bd2 {[%clk 0:46:47]} 12... Bc5 {[%clk 0:55:58]} 13. Nce2 { [%clk
0:45:46]} 13... Nc6 {[%clk 0:50:07]} 14. c3 {[%clk 0:41:42]} 14... Qb6 { [%clk
0:48:15]} 15. O-O-O {[%clk 0:39:54]} 15... b4 {[%clk 0:32:21]} 16. Nxc6 { [%clk
0:36:41]} 16... Bxc6 {[%clk 0:32:26]} 17. Rhe1 {[%clk 0:32:03]} 17... Nf2
{[%clk 0:12:58]} 18. cxb4 {[%clk 0:30:40]} 18... Nxd1 {[%clk 0:13:15]} 19. bxc5
{[%clk 0:30:01]} 19... Qxb2+ {[%clk 0:13:32]} 20. Kxd1 {[%clk 0:30:25]} 20...
Ba4+ {[%clk 0:13:56]} 21. Bc2 {[%clk 0:30:40]} 21... Qxc2# {[%clk 0:14:18]} 0-1

[Event "DEM U14w 2018"]
[Site "Willingen GER"]
[Date "2018.05.20"]
[Round "1"]
[White "Ricken, Katharina"]
[Black "Barutta, Larissa"]
[Result "1-0"]
[Termination "normal"]
[Board "7"]
[WhiteElo "1798"]
[BlackElo "1676"]
[WhiteClock "00:28:41"]
[BlackClock "00:52:10"]
[PlyCount "87"]
[WhiteFideId "16207017"]
[BlackFideId "16222946"]
[EventCountry "GER"]
[EventRounds "9"]
[EventType "swiss"]
[EventDate "2018.05.19"]

1. Nf3 {[%clk 1:30:59]} 1... d5 {[%clk 1:30:54]} 2. g3 {[%clk 1:31:24]} 2... c5
{[%clk 1:31:11]} 3. Bg2 {[%clk 1:31:49]} 3... Nf6 {[%clk 1:31:31]} 4. O-O {
[%clk 1:32:13]} 4... Nc6 {[%clk 1:31:42]} 5. d4 {[%clk 1:32:38]} 5... Bf5 {
[%clk 1:30:01]} 6. c4 {[%clk 1:32:48]} 6... e6 {[%clk 1:29:22]} 7. cxd5 { [%clk
1:32:58]} 7... exd5 {[%clk 1:28:25]} 8. Nc3 {[%clk 1:33:05]} 8... h6 { [%clk
1:28:16]} 9. dxc5 {[%clk 1:32:57]} 9... Bxc5 {[%clk 1:26:54]} 10. a3 { [%clk
1:33:14]} 10... O-O {[%clk 1:25:05]} 11. b4 {[%clk 1:33:17]} 11... Bb6 { [%clk
1:22:38]} 12. Bb2 {[%clk 1:32:39]} 12... Be6 {[%clk 1:16:50]} 13. Na4 { [%clk
1:30:36]} 13... Bc7 {[%clk 1:10:01]} 14. Rc1 {[%clk 1:28:28]} 14... Rc8 { [%clk
1:05:02]} 15. Nc5 {[%clk 1:28:11]} 15... Qe7 {[%clk 0:51:30]} 16. Bxf6 { [%clk
1:06:20]} 16... Qxf6 {[%clk 0:50:20]} 17. Nxb7 {[%clk 1:05:16]} 17... Bb6
{[%clk 0:49:40]} 18. Nd6 {[%clk 0:54:09]} 18... Rc7 {[%clk 0:49:17]} 19. Nb5 {
[%clk 0:53:41]} 19... Rcc8 {[%clk 0:49:38]} 20. Qd3 {[%clk 0:52:02]} 20... Rfd8
{[%clk 0:48:31]} 21. Rfd1 {[%clk 0:48:27]} 21... Ne5 {[%clk 0:42:16]} 22. Qb1 {
[%clk 0:32:19]} 22... Bf5 {[%clk 0:38:34]} 23. Qb3 {[%clk 0:30:30]} 23... Ng4 {
[%clk 0:36:14]} 24. Rxc8 {[%clk 0:17:59]} 24... Rxc8 {[%clk 0:35:56]} 25. Nbd4
{[%clk 0:14:15]} 25... Rc4 {[%clk 0:34:58]} 26. Nxf5 {[%clk 0:12:33]} 26...
Qxf5 {[%clk 0:34:47]} 27. e3 {[%clk 0:11:40]} 27... Nxf2 {[%clk 0:31:41]} 28.
Kxf2 {[%clk 0:09:38]} 28... Rc2+ {[%clk 0:31:21]} 29. Kg1 {[%clk 0:09:07]}
29... Re2 {[%clk 0:28:39]} 30. Rd3 {[%clk 0:06:52]} 30... g5 {[%clk 0:26:07]}
31. Kf1 {[%clk 0:00:33]} 31... g4 {[%clk 0:24:25]} 32. Kxe2 {[%clk 0:00:55]}
32... gxf3+ {[%clk 0:24:46]} 33. Bxf3 {[%clk 0:01:19]} 33... Qh3 { [%clk
0:25:01]} 34. Qxd5 {[%clk 0:00:57]} 34... Qxh2+ {[%clk 0:24:37]} 35. Bg2 {[%clk
0:01:20]} 35... Qxg3 {[%clk 0:24:45]} 36. Qf3 {[%clk 0:01:21]} 36... Qg7 {[%clk
0:24:00]} 37. Rd2 {[%clk 0:00:45]} 37... Qg6 {[%clk 0:23:05]} 38. Bh3 { [%clk
0:00:45]} 38... Kg7 {[%clk 0:22:28]} 39. Qg4 {[%clk 0:01:08]} 39... Qxg4+
{[%clk 0:22:12]} 40. Bxg4 {[%clk 0:01:35]} 40... Kg6 {[%clk 0:22:08]} 41. Kf3 {
[%clk 0:28:15]} 41... h5 {[%clk 0:52:06]} 42. Rd6+ {[%clk 0:28:09]} 42... f6 {
[%clk 0:51:54]} 43. Bxh5+ {[%clk 0:28:18]} 43... Kxh5 {[%clk 0:52:10]} 44. Rxf6
{[%clk 0:28:41]} 1-0

[Event "DEM U14w 2018"]
[Site "Willingen GER"]
[Date "2018.05.20"]
[Round "1"]
[White "Wucherer, Sophie"]
[Black "Rudolph, Eva"]
[Result "0-1"]
[Termination "normal"]
[Board "8"]
[WhiteElo "1340"]
[BlackElo "1760"]
[WhiteClock "00:00:00"]
[BlackClock "00:03:32"]
[PlyCount "105"]
[WhiteFideId "16225473"]
[BlackFideId "16200594"]
[EventCountry "GER"]
[EventRounds "9"]
[EventType "swiss"]
[EventDate "2018.05.19"]

1. d4 {[%clk 1:30:58]} 1... d5 {[%clk 1:30:54]} 2. Nf3 {[%clk 1:31:19]} 2...
Nf6 {[%clk 1:31:18]} 3. c4 {[%clk 1:31:34]} 3... e6 {[%clk 1:31:35]} 4. Nc3 {
[%clk 1:31:38]} 4... Be7 {[%clk 1:31:30]} 5. Bf4 {[%clk 1:31:32]} 5... O-O {
[%clk 1:31:03]} 6. e3 {[%clk 1:31:33]} 6... a6 {[%clk 1:27:58]} 7. a3 { [%clk
1:28:05]} 7... Nbd7 {[%clk 1:26:41]} 8. Rc1 {[%clk 1:26:24]} 8... c6 { [%clk
1:14:42]} 9. cxd5 {[%clk 1:18:21]} 9... exd5 {[%clk 1:13:42]} 10. Bd3 { [%clk
1:16:56]} 10... Re8 {[%clk 1:09:25]} 11. O-O {[%clk 1:12:30]} 11... Nh5 { [%clk
1:03:50]} 12. Bg3 {[%clk 1:06:22]} 12... Nxg3 {[%clk 1:03:32]} 13. hxg3 { [%clk
1:06:50]} 13... Nf6 {[%clk 1:03:30]} 14. Qc2 {[%clk 1:03:08]} 14... Bd6 { [%clk
1:01:55]} 15. Ng5 {[%clk 0:38:15]} 15... h6 {[%clk 0:58:10]} 16. Nf3 { [%clk
0:28:32]} 16... Bg4 {[%clk 0:52:04]} 17. Ne2 {[%clk 0:21:41]} 17... Qd7 { [%clk
0:40:57]} 18. Nh2 {[%clk 0:19:01]} 18... h5 {[%clk 0:32:20]} 19. Nxg4 { [%clk
0:16:47]} 19... Nxg4 {[%clk 0:21:27]} 20. Bf5 {[%clk 0:16:33]} 20... Qe7 {[%clk
0:21:00]} 21. Bxg4 {[%clk 0:16:11]} 21... hxg4 {[%clk 0:20:37]} 22. Qf5 {[%clk
0:13:39]} 22... Qe6 {[%clk 0:15:12]} 23. Qxe6 {[%clk 0:10:09]} 23... Rxe6
{[%clk 0:15:37]} 24. Rc3 {[%clk 0:09:45]} 24... Rae8 {[%clk 0:13:03]} 25. Re1
{[%clk 0:07:43]} 25... g6 {[%clk 0:11:59]} 26. Nf4 {[%clk 0:06:36]} 26... Re4
{[%clk 0:11:08]} 27. f3 {[%clk 0:05:46]} 27... gxf3 {[%clk 0:07:06]} 28. gxf3
{[%clk 0:06:14]} 28... Rxd4 {[%clk 0:06:57]} 29. Kf2 {[%clk 0:04:45]} 29...
Rd2+ {[%clk 0:06:34]} 30. Re2 {[%clk 0:05:11]} 30... Rxe2+ { [%clk 0:06:06]}
31. Nxe2 {[%clk 0:05:30]} 31... Kg7 {[%clk 0:05:38]} 32. Nf4 { [%clk 0:03:32]}
32... Kf6 {[%clk 0:05:12]} 33. Rb3 {[%clk 0:03:31]} 33... Re7 { [%clk 0:04:31]}
34. Rd3 {[%clk 0:03:45]} 34... Be5 {[%clk 0:02:04]} 35. b3 { [%clk 0:03:32]}
35... Bd6 {[%clk 0:01:43]} 36. a4 {[%clk 0:03:30]} 36... Bc5 { [%clk 0:00:47]}
37. Rc3 {[%clk 0:02:48]} 37... Bd6 {[%clk 0:01:03]} 38. Rd3 { [%clk 0:03:08]}
38... Re8 {[%clk 0:00:51]} 39. Rd1 {[%clk 0:02:23]} 39... Rh8 { [%clk 0:00:56]}
40. Kg2 {[%clk 0:01:45]} 40... Re8 {[%clk 0:00:40]} 41. Rd3 { [%clk 0:01:49]}
41... Rd8 {[%clk 0:23:24]} 42. Kf2 {[%clk 0:27:16]} 42... Bc7 { [%clk 0:22:40]}
43. Kg2 {[%clk 0:22:46]} 43... Ke5 {[%clk 0:18:16]} 44. Ne2 { [%clk 0:19:57]}
44... c5 {[%clk 0:17:17]} 45. Rc3 {[%clk 0:14:32]} 45... Bb6 { [%clk 0:16:13]}
46. Nc1 {[%clk 0:11:24]} 46... d4 {[%clk 0:14:46]} 47. exd4+ { [%clk 0:07:24]}
47... cxd4 {[%clk 0:14:46]} 48. Rd3 {[%clk 0:07:38]} 48... Kd5 {[%clk 0:10:57]}
49. Ne2 {[%clk 0:02:22]} 49... Re8 {[%clk 0:10:35]} 50. Kf2 { [%clk 0:02:23]}
50... Re3 {[%clk 0:06:44]} 51. Nc3+ {[%clk 0:00:39]} 51... Kc6 {[%clk 0:03:17]}
52. Rxe3 52... dxc3 {[%clk 0:03:32]} 53. Ke2 {[%clk 0:00:00]} 0-1

[Event "DEM U14w 2018"]
[Site "Willingen GER"]
[Date "2018.05.20"]
[Round "1"]
[White "Reuter, Elisa"]
[Black "Schwegler, Jelena"]
[Result "1-0"]
[Termination "normal"]
[Board "9"]
[WhiteElo "1835"]
[BlackElo "1491"]
[WhiteClock "00:15:11"]
[BlackClock "00:11:49"]
[PlyCount "89"]
[WhiteFideId "12995444"]
[BlackFideId "16225481"]
[EventCountry "GER"]
[EventRounds "9"]
[EventType "swiss"]
[EventDate "2018.05.19"]

1. e4 {[%clk 1:30:58]} 1... e5 {[%clk 1:30:55]} 2. Nf3 {[%clk 1:31:24]} 2...
Nc6 {[%clk 1:31:19]} 3. Bc4 {[%clk 1:31:50]} 3... Bc5 {[%clk 1:31:42]} 4. c3 {
[%clk 1:32:17]} 4... Nf6 {[%clk 1:32:05]} 5. d3 {[%clk 1:32:41]} 5... a6 {
[%clk 1:32:29]} 6. Nbd2 {[%clk 1:33:02]} 6... Ba7 {[%clk 1:32:47]} 7. Nf1 {
[%clk 1:33:26]} 7... O-O {[%clk 1:32:01]} 8. Ng3 {[%clk 1:33:51]} 8... d5 {
[%clk 1:30:54]} 9. Bb3 {[%clk 1:27:27]} 9... dxe4 {[%clk 1:21:14]} 10. dxe4 {
[%clk 1:27:47]} 10... Qe7 {[%clk 1:21:05]} 11. O-O {[%clk 1:28:01]} 11... Be6 {
[%clk 1:16:06]} 12. Bxe6 {[%clk 1:17:39]} 12... Qxe6 {[%clk 1:16:19]} 13. Nh4 {
[%clk 1:15:39]} 13... Ne7 {[%clk 1:09:12]} 14. Qf3 {[%clk 1:14:58]} 14... Ng6 {
[%clk 1:04:55]} 15. Nhf5 {[%clk 1:14:06]} 15... Rad8 {[%clk 1:01:38]} 16. Bg5 {
[%clk 1:12:38]} 16... Rd7 {[%clk 0:56:48]} 17. Bxf6 {[%clk 1:07:42]} 17... Qxf6
{[%clk 0:54:07]} 18. Nh5 {[%clk 0:51:43]} 18... Qg5 {[%clk 0:51:52]} 19. Nfxg7
{[%clk 0:49:33]} 19... Kh8 {[%clk 0:42:56]} 20. Rad1 {[%clk 0:36:31]} 20...
Rfd8 {[%clk 0:41:25]} 21. Rxd7 {[%clk 0:32:44]} 21... Rxd7 {[%clk 0:41:45]} 22.
Qf5 {[%clk 0:26:11]} 22... Qxf5 {[%clk 0:40:17]} 23. exf5 {[%clk 0:25:29]}
23... Ne7 {[%clk 0:39:22]} 24. f6 {[%clk 0:24:49]} 24... Nc6 {[%clk 0:38:37]}
25. Ng3 {[%clk 0:22:49]} 25... Rd2 {[%clk 0:38:31]} 26. b4 {[%clk 0:21:05]}
26... Rxa2 {[%clk 0:38:32]} 27. Ne4 {[%clk 0:20:06]} 27... Re2 {[%clk 0:37:28]}
28. Ng5 {[%clk 0:20:05]} 28... Kg8 {[%clk 0:36:40]} 29. Nf5 {[%clk 0:19:21]}
29... h5 {[%clk 0:29:01]} 30. Nh6+ {[%clk 0:18:53]} 30... Kf8 {[%clk 0:28:28]}
31. Nhxf7 {[%clk 0:18:47]} 31... b5 {[%clk 0:25:47]} 32. Nh6 {[%clk 0:19:03]}
32... Nd8 {[%clk 0:19:22]} 33. f7 {[%clk 0:17:39]} 33... Nxf7 {[%clk 0:18:53]}
34. Nhxf7 {[%clk 0:17:46]} 34... e4 {[%clk 0:18:01]} 35. Ne5 {[%clk 0:16:33]}
35... Kg8 {[%clk 0:17:06]} 36. Nc6 {[%clk 0:15:47]} 36... Bb6 {[%clk 0:17:12]}
37. Ne7+ {[%clk 0:15:07]} 37... Kg7 {[%clk 0:16:47]} 38. Nd5 {[%clk 0:14:40]}
38... a5 {[%clk 0:14:35]} 39. bxa5 {[%clk 0:13:47]} 39... Bxa5 {[%clk 0:14:30]}
40. Ne6+ {[%clk 0:14:13]} 40... Kf7 {[%clk 0:14:27]} 41. Nexc7 {[%clk 0:14:30]}
41... Rb2 {[%clk 0:11:48]} 42. g3 {[%clk 0:13:59]} 42... b4 {[%clk 0:11:42]}
43. cxb4 {[%clk 0:14:20]} 43... Bxc7 {[%clk 0:11:27]} 44. Nxc7 {[%clk 0:14:43]}
44... Rxb4 {[%clk 0:11:49]} 45. Nd5 {[%clk 0:15:11]} 1-0

[Event "DEM U14w 2018"]
[Site "Willingen GER"]
[Date "2018.05.20"]
[Round "1"]
[White "Jacoby, Angelina"]
[Black "Brunner, Sophia"]
[Result "0-1"]
[Termination "normal"]
[Board "10"]
[WhiteElo "1221"]
[BlackElo "1742"]
[WhiteClock "00:12:00"]
[BlackClock "00:15:52"]
[PlyCount "108"]
[WhiteFideId "12999008"]
[BlackFideId "12960683"]
[EventCountry "GER"]
[EventRounds "9"]
[EventType "swiss"]
[EventDate "2018.05.19"]

1. d4 {[%clk 1:30:57]} 1... Nf6 {[%clk 1:30:54]} 2. c4 {[%clk 1:30:49]} 2... c5
{[%clk 1:31:05]} 3. d5 {[%clk 1:27:27]} 3... b5 {[%clk 1:31:22]} 4. b3 { [%clk
1:26:21]} 4... bxc4 {[%clk 1:27:41]} 5. bxc4 {[%clk 1:25:38]} 5... d6 { [%clk
1:27:39]} 6. Bb2 {[%clk 1:17:43]} 6... Nbd7 {[%clk 1:25:03]} 7. Nc3 { [%clk
1:12:50]} 7... g6 {[%clk 1:20:15]} 8. e3 {[%clk 1:07:35]} 8... Bg7 { [%clk
1:20:32]} 9. Qc2 {[%clk 1:07:11]} 9... O-O {[%clk 1:19:41]} 10. Nf3 { [%clk
1:04:29]} 10... Rb8 {[%clk 1:17:46]} 11. Bd3 {[%clk 1:02:32]} 11... Ng4 { [%clk
1:10:18]} 12. O-O {[%clk 0:58:55]} 12... Nge5 {[%clk 1:09:55]} 13. Be2 { [%clk
0:53:25]} 13... Nxf3+ {[%clk 1:09:44]} 14. Bxf3 {[%clk 0:53:35]} 14... Ne5
{[%clk 1:09:47]} 15. Be2 {[%clk 0:53:52]} 15... Bf5 {[%clk 1:03:09]} 16. e4
{[%clk 0:49:03]} 16... Bxe4 {[%clk 0:56:57]} 17. Qxe4 {[%clk 0:43:32]} 17...
Rxb2 {[%clk 0:57:21]} 18. Rfb1 {[%clk 0:43:05]} 18... Nd7 {[%clk 0:36:07]} 19.
Rxb2 {[%clk 0:37:58]} 19... Bxc3 {[%clk 0:36:32]} 20. Rab1 {[%clk 0:38:11]}
20... Bxb2 {[%clk 0:36:55]} 21. Rxb2 {[%clk 0:38:31]} 21... Nb6 {[%clk 0:36:07]
} 22. Qc2 {[%clk 0:35:56]} 22... Qc7 {[%clk 0:34:03]} 23. a4 {[%clk 0:34:27]}
23... Rb8 {[%clk 0:34:19]} 24. h3 {[%clk 0:34:02]} 24... Nd7 {[%clk 0:33:43]}
25. Rb5 {[%clk 0:31:21]} 25... a6 {[%clk 0:33:13]} 26. Rb2 {[%clk 0:30:06]}
26... Rxb2 {[%clk 0:33:20]} 27. Qxb2 {[%clk 0:30:27]} 27... Qb6 {[%clk 0:32:43]
} 28. Qc2 {[%clk 0:29:22]} 28... Nf6 {[%clk 0:24:23]} 29. g4 {[%clk 0:26:14]}
29... Qb7 {[%clk 0:19:52]} 30. f4 {[%clk 0:24:50]} 30... Qc8 {[%clk 0:10:09]}
31. g5 {[%clk 0:20:05]} 31... Ne8 {[%clk 0:09:40]} 32. Bg4 {[%clk 0:19:47]}
32... Qd8 {[%clk 0:07:29]} 33. f5 {[%clk 0:18:51]} 33... Ng7 {[%clk 0:07:12]}
34. Qf2 {[%clk 0:15:51]} 34... gxf5 {[%clk 0:06:33]} 35. Bxf5 {[%clk 0:15:29]}
35... e6 {[%clk 0:05:02]} 36. dxe6 {[%clk 0:09:34]} 36... Qxg5+ {[%clk 0:05:14]
} 37. Bg4 {[%clk 0:09:50]} 37... Nxe6 {[%clk 0:04:04]} 38. Qg2 {[%clk 0:08:33]}
38... h5 {[%clk 0:03:06]} 39. Bf3 {[%clk 0:08:02]} 39... Qxg2+ {[%clk 0:03:23]}
40. Kxg2 {[%clk 0:08:20]} 40... a5 {[%clk 0:03:15]} 41. Kg3 {[%clk 0:08:31]}
41... Ng5 {[%clk 0:22:31]} 42. Bd1 {[%clk 0:21:17]} 42... Kg7 {[%clk 0:18:51]}
43. Kh4 {[%clk 0:21:00]} 43... Kh6 {[%clk 0:16:43]} 44. Bxh5 {[%clk 0:20:02]}
44... Nxh3 {[%clk 0:16:29]} 45. Bxf7 {[%clk 0:19:56]} 45... Ng5 {[%clk 0:16:46]
} 46. Bd5 {[%clk 0:20:01]} 46... Kg6 {[%clk 0:16:31]} 47. Kg4 {[%clk 0:19:43]}
47... Kf6 {[%clk 0:16:53]} 48. Kf4 {[%clk 0:19:42]} 48... Ne6+ {[%clk 0:16:54]}
49. Ke4 {[%clk 0:19:38]} 49... Nc7 {[%clk 0:16:34]} 50. Bg8 {[%clk 0:18:25]}
50... Ke7 {[%clk 0:16:04]} 51. Kf5 {[%clk 0:17:12]} 51... Na8 {[%clk 0:16:15]}
52. Bd5 {[%clk 0:12:50]} 52... Nb6 {[%clk 0:15:58]} 53. Bc6 {[%clk 0:12:02]}
53... Nxc4 {[%clk 0:16:22]} 54. Bb5 {[%clk 0:12:00]} 54... d5 {[%clk 0:15:52]}
0-1

[Event "DEM U14w 2018"]
[Site "Willingen GER"]
[Date "2018.05.20"]
[Round "1"]
[White "Liu, Sijia Anna"]
[Black "Prudlik, Elisa"]
[Result "1-0"]
[Termination "normal"]
[Board "11"]
[WhiteElo "1748"]
[BlackElo "1286"]
[WhiteClock "00:18:18"]
[BlackClock "00:05:16"]
[PlyCount "67"]
[WhiteFideId "12989746"]
[BlackFideId "16209915"]
[EventCountry "GER"]
[EventRounds "9"]
[EventType "swiss"]
[EventDate "2018.05.19"]

1. e4 {[%clk 1:30:53]} 1... e5 {[%clk 1:30:55]} 2. Nf3 {[%clk 1:31:11]} 2...
Nc6 {[%clk 1:31:19]} 3. Bb5 {[%clk 1:31:16]} 3... a6 {[%clk 1:31:40]} 4. Ba4 {
[%clk 1:31:33]} 4... b5 {[%clk 1:31:56]} 5. Bb3 {[%clk 1:31:52]} 5... Nf6 {
[%clk 1:32:09]} 6. O-O {[%clk 1:30:42]} 6... Be7 {[%clk 1:31:49]} 7. Re1 {
[%clk 1:29:15]} 7... O-O {[%clk 1:32:00]} 8. h3 {[%clk 1:28:07]} 8... Na5 {
[%clk 1:27:09]} 9. Nxe5 {[%clk 1:25:49]} 9... Nxb3 {[%clk 1:26:55]} 10. axb3 {
[%clk 1:25:25]} 10... Bb7 {[%clk 1:26:13]} 11. d3 {[%clk 1:24:15]} 11... d5 {
[%clk 1:18:12]} 12. exd5 {[%clk 1:18:17]} 12... Qxd5 {[%clk 1:11:03]} 13. Nf3 {
[%clk 1:17:39]} 13... Rfe8 {[%clk 1:03:58]} 14. Nc3 {[%clk 1:12:02]} 14... Qd8
{[%clk 1:02:46]} 15. Bf4 {[%clk 1:02:03]} 15... b4 {[%clk 0:51:35]} 16. Ne4 {
[%clk 0:56:10]} 16... h6 {[%clk 0:48:14]} 17. Re2 {[%clk 0:46:12]} 17... Qd7 {
[%clk 0:36:22]} 18. Ne5 {[%clk 0:40:12]} 18... Qf5 {[%clk 0:29:59]} 19. Bg3 {
[%clk 0:31:19]} 19... Nxe4 {[%clk 0:27:29]} 20. dxe4 {[%clk 0:31:04]} 20...
Bxe4 {[%clk 0:27:33]} 21. Ra5 {[%clk 0:28:05]} 21... Bf6 {[%clk 0:24:24]} 22.
Nc4 {[%clk 0:25:53]} 22... c5 {[%clk 0:22:23]} 23. Nd6 {[%clk 0:22:03]} 23...
Qd7 {[%clk 0:21:15]} 24. Qe1 {[%clk 0:20:36]} 24... Bc6 {[%clk 0:12:49]} 25.
Nxe8 {[%clk 0:18:26]} 25... Rxe8 {[%clk 0:13:06]} 26. Rxe8+ {[%clk 0:18:42]}
26... Qxe8 {[%clk 0:13:25]} 27. Qxe8+ {[%clk 0:18:52]} 27... Bxe8 { [%clk
0:13:49]} 28. Rxa6 {[%clk 0:18:17]} 28... Bxb2 {[%clk 0:14:11]} 29. Ra8 { [%clk
0:18:32]} 29... Bd4 {[%clk 0:10:58]} 30. Rxe8+ {[%clk 0:18:30]} 30... Kh7
{[%clk 0:11:19]} 31. Bd6 {[%clk 0:18:26]} 31... f6 {[%clk 0:07:48]} 32. Rc8 {
[%clk 0:18:19]} 32... Kg6 {[%clk 0:05:03]} 33. Bxc5 {[%clk 0:17:53]} 33... Bxc5
{[%clk 0:05:16]} 34. Rxc5 {[%clk 0:18:18]} 1-0

[Event "DEM U14w 2018"]
[Site "Willingen GER"]
[Date "2018.05.20"]
[Round "1"]
[White "Zixin, Li"]
[Black "Bardorz, Jana"]
[Result "0-1"]
[Termination "normal"]
[Board "12"]
[WhiteElo "1423"]
[BlackElo "1622"]
[WhiteClock "01:08:15"]
[BlackClock "00:47:53"]
[PlyCount "48"]
[WhiteFideId "16244770"]
[BlackFideId "16208897"]
[EventCountry "GER"]
[EventRounds "9"]
[EventType "swiss"]
[EventDate "2018.05.19"]

1. e4 {[%clk 1:30:58]} 1... Nf6 {[%clk 1:30:54]} 2. Nc3 {[%clk 1:31:17]} 2...
e5 {[%clk 1:30:59]} 3. Nf3 {[%clk 1:31:19]} 3... Nc6 {[%clk 1:31:12]} 4. Bc4 {
[%clk 1:31:16]} 4... Nxe4 {[%clk 1:30:14]} 5. Nxe5 {[%clk 1:29:08]} 5... Nxe5 {
[%clk 1:24:59]} 6. Qe2 {[%clk 1:29:14]} 6... Nxc4 {[%clk 1:18:37]} 7. Nxe4 {
[%clk 1:27:40]} 7... Be7 {[%clk 1:13:35]} 8. Qxc4 {[%clk 1:18:00]} 8... d5 {
[%clk 1:12:05]} 9. Qd4 {[%clk 1:16:54]} 9... dxe4 {[%clk 1:10:06]} 10. Qxg7 {
[%clk 1:16:42]} 10... Bf6 {[%clk 1:08:06]} 11. Qg3 {[%clk 1:16:32]} 11... Qd6
12. Qe3 {[%clk 1:15:14]} 12... Qd4 {[%clk 1:00:52]} 13. O-O {[%clk 1:11:10]}
13... Qxe3 {[%clk 0:57:39]} 14. dxe3 {[%clk 1:11:28]} 14... Be6 {[%clk 0:56:00]
} 15. Rb1 {[%clk 1:11:12]} 15... Bxa2 {[%clk 0:54:40]} 16. Ra1 {[%clk 1:11:22]}
16... Be6 {[%clk 0:54:06]} 17. Ra4 {[%clk 1:11:26]} 17... O-O-O {[%clk 0:49:09]
} 18. Rxa7 {[%clk 1:10:48]} 18... Kb8 {[%clk 0:49:05]} 19. Ra4 {[%clk 1:11:03]}
19... Rhg8 {[%clk 0:47:22]} 20. Rxe4 {[%clk 1:10:57]} 20... Bd5 {[%clk 0:47:31]
} 21. Rf4 {[%clk 1:07:36]} 21... Rxg2+ {[%clk 0:47:48]} 22. Kh1 {[%clk 1:07:55]
} 22... Rxf2+ {[%clk 0:47:38]} 23. Kg1 {[%clk 1:08:11]} 23... Rg2+ { [%clk
0:47:53]} 24. Kh1 {[%clk 1:08:15]} 24... Rxc2+ 0-1